Salario, precio y ganancia / (Registro nro. 7805)

Detalles MARC
000 -LEADER
fixed length control field 01166nam a2200229Ia 4500
003 - CONTROL NUMBER IDENTIFIER
control field OSt
005 - DATE AND TIME OF LATEST TRANSACTION
control field 20210429180439.0
008 - FIXED-LENGTH DATA ELEMENTS--GENERAL INFORMATION
fixed length control field 210310s1979 ru gr 000 0 spa d
040 ## - CATALOGING SOURCE
Original cataloging agency CO-JMCR
Transcribing agency CO-JMCR
041 1# - LANGUAGE CODE
Language code of text/sound track or separate title spa
Language code of original rus
082 04 - DEWEY DECIMAL CLASSIFICATION NUMBER
Classification number 335.412 /
Item number M392s
Edition number 23
100 1# - MAIN ENTRY--PERSONAL NAME
Personal name Marx, Carl,
9 (RLIN) 6329
Relator term autor
245 10 - TITLE STATEMENT
Title Salario, precio y ganancia /
Statement of responsibility, etc. Marx
260 ## - PUBLICATION, DISTRIBUTION, ETC.
Place of publication, distribution, etc. Moscú :
Name of publisher, distributor, etc. Editorial Progreso,
Date of publication, distribution, etc. 1979
300 ## - PHYSICAL DESCRIPTION
Other physical details 61 páginas ;
Dimensions 20 cm.
500 ## - GENERAL NOTE
General note Incluye notas a pie de página.
505 0# - FORMATTED CONTENTS NOTE
Formatted contents note Producción y salarios -- Producción, salarios, ganancias -- Salarios y dinero -- Oferta y demanda -- Salarios y precios -- Valor y trabajo -- La fuerza del trabajo -- La producción de la plusvalía -- El valor del trabajo -- Se obtiene ganancia vendiendo una mercancía por su valor -- Las diversas partes en que se divide de la plusvalía -- Relación general entre ganancias, salarios y precios -- Casos principales de lucha por subida de salarios o contra su reducción -- La lucha entre el capital y el trabajo, y sus resultados
650 14 - SUBJECT ADDED ENTRY--TOPICAL TERM
Topical term or geographic name entry element Salarios
9 (RLIN) 15508
650 24 - SUBJECT ADDED ENTRY--TOPICAL TERM
Topical term or geographic name entry element Precios
9 (RLIN) 37273
650 24 - SUBJECT ADDED ENTRY--TOPICAL TERM
Topical term or geographic name entry element Trabajo y trabajadores
9 (RLIN) 37274
942 ## - ADDED ENTRY ELEMENTS (KOHA)
Source of classification or shelving scheme Dewey Decimal Classification
Koha item type Books
Existencias
Withdrawn status Lost status Source of classification or shelving scheme Damaged status Not for loan Collection code Home library Current library Date acquired Source of acquisition Full call number Barcode Date last seen Copy number Koha item type
    Dewey Decimal Classification     Non-fiction Biblioteca Pública José María del Castillo y Rada Biblioteca Pública José María del Castillo y Rada 04/15/2018 Donación 335.412 / M392s 430003764 05/16/2024 Ej.1 Books